| 000 | 04362nab a2200361 i 4500 | ||
|---|---|---|---|
| 003 | BR-BrBNA | ||
| 005 | 20250417152630.0 | ||
| 008 | 250417b2021 bl.qr|pooa||| 00| 0 eng | | ||
| 040 |
_aBR-BrBNA _beng |
||
| 072 | _aP34 | ||
| 100 | _aMarinho Junior, Josué Luiz | ||
| 100 | _aPiscoya, Victor Casimiro | ||
| 100 | _aCunha Filho, Moacyr | ||
| 100 | _aFernandes, Milton Marques | ||
| 100 | _aPedrotti, Alceu | ||
| 100 | _aPiscoya, Thaisa Oliveira Folha | ||
| 100 | _aGomes Filho, Raimundo Rodrigues | ||
| 100 | _aCampos, Fabricio Souza | ||
| 100 | _aHolanda, Francisco Sandro Rodrigues | ||
| 100 | _aCastro, Jamilie Brito de | ||
| 100 | _aRoncal, Jorge Luis Piscoya | ||
| 100 | _aAraújo Filho, Renisson Neponuceno de | ||
| 245 | _aSoil microbiological activity under different vegetation coverages in the Cerrado biome of Tocantins state | ||
| 500 | _aPublicação on-line; 26 ref.; 1 table; 5 illus.; Summaries (En, Pt) | ||
| 520 | _a ABSTRACT The microbial activity is very sensitive to changes in soil cover, making it an important indicator of soil quality. The study aimed to assess changes in soil microbiological activities under different vegetation coverings in the Cerrado biome of Tocantins state. The work was developed in areas of Eucalyptus sp., Pasture, agriculture and Cerrado sensu stricto in the experimental farm of the Federal University of Tocantins. The soil samples were collected in trenches of 70 x 70 cm at depths 0-10 and 10-20 cm, with six replications. The variables evaluated were: concentration and stock in the microbial biomass carbon, basal soil respiration, metabolic quotient and microbial quotient. The statistical analysis was performed using the normality test, analysis of variance and comparison of means by the Tukey test at 5% significance. The area with Eucalyptus sp. at 11 years of age, he had a stable soil microbiological activity, showing stocks in microbial biomass carbon 57.32% higher than that native forest vegetation, 84.29% that pasture and 290.91% that agriculture. The soil microbiological activities are affected by the variation of the soil vegetation cover, being efficient as an indicator of soil quality. Keywords: Bioindicators; Soil respiration; Metabolic quotient; Microbial biomass carbon RESUMO A atividade microbiana se mostra bastante sensível a mudanças da cobertura, tornando-se um importante indicador de qualidade do solo. O estudo teve como objetivo avaliar as alterações nas atividades microbiológicas do solo sob as diferentes coberturas vegetais no cerrado do Tocantins. O trabalho foi desenvolvido em áreas de Eucalyptus sp., pastagem, agricultura e cerrado sensu stricto na fazenda experimental da Universidade Federal do Tocantins. As amostras de solo foram coletadas em trincheiras de 70 x 70 cm nas profundidades 0-10 e 10-20 cm, com seis repetições. As variáveis avaliadas foram: concentração e estoque de carbono na biomassa microbiana, respiração basal do solo, quociente metabólico e quociente microbiano. A análise estatística foi realizada por meio do teste de normalidade, análise de variância e comparação das médias pelo teste Tukey a 5% de significância. A área com Eucalyptus sp. com 11 anos apresentou uma atividade microbiológica do solo estável, apresentando estoques de carbono na biomassa microbiana superiores em 57,32 % aos da vegetação de mata nativa, 84,29 % ao da pastagem e 290,91 % ao da agricultura. As atividades microbiológicas do solo são afetadas pela variação da cobertura vegetal do solo, sendo eficiente como indicador de qualidade do solo. Palavras-chave: Bioindicadores; Respiração do solo; Quociente metabólico; Carbono da biomassa microbiana | ||
| 650 | _aRESPIRAÇÃO DO SOLO | ||
| 650 | _aMICROBIOLOGIA DO SOLO | ||
| 650 | _aCOBERTURA VEGETAL | ||
| 773 | 0 |
_04065 _9348518 _dSanta Maria-RS Universidade Federal de Santa Maria - Centro de Pesquisas Florestais.Departamento de Ciências Florestais. Programa de Pós-Graduação em Engenharia Florestal 1991 _o2025-1011 _tCiência Florestal (Brazil) _x0103-9954; 1980-5098 (on-line) _gv. 31(3) p. 1494-1511; (Jul-Sep 2021) _wBR2023001897 |
|
| 856 | _uhttps://www.scielo.br/j/cflo/a/BQ44DLbtkPwbJp9H6syJNBf/?format=pdf&lang=en | ||
| 942 | _cANA | ||
| 999 |
_c331102 _d331102 |
||